00529nam a2200133 a 450000100100000000500170001000800410002704000250006808200090009324501130010226001020021530000290031750400490034600001535420200929164022.0100205s2008 dr d 000 spa d aDO-SdBNPbspacBNPHU axxxx00aAdopción y uso de tecnologías de la información y la comunicación (TIC) en la República Dominican. aSanto Domingo :bDepartamento de investigaciones, Oficina Nacional de Estadística (ONE),c2008. a43 p. :bGraf. ;c21 cm. aIncluye referencias bibliográficas (p. 43)